| 000 | 02068nam a2200517 c 4500 | ||
|---|---|---|---|
| 999 |
_c50623 _d50623 |
||
| 001 | 50623 | ||
| 003 | ES-MaCES | ||
| 005 | 20250526142656.0 | ||
| 007 | cr ||||||||||| | ||
| 008 | 180402s2017 sp ||| ||spa d | ||
| 017 |
_aNA 2917-2017 _bDL |
||
| 020 | _a9788491779322 | ||
| 020 | _a9788491779346 (electrónico) | ||
| 040 |
_aES-MaCES _bspa _cES-MaCES |
||
| 100 | 1 |
_922448 _aRodríguez Sanz de Galdeano, Beatriz |
|
| 245 | 1 | 0 |
_aDesplazamiento y traslado de trabajadores al extranjero _b: régimen laboral y de Seguridad Social y cuestiones de competencia judicial _cBeatriz Rodríguez Sanz de Galdeano ; pr., José Luis Goñi Sein |
| 250 | _a1ª ed | ||
| 260 |
_aCizur Menor (Navarra) _bThomson Reuters-Aranzadi _c2017 |
||
| 300 |
_a518 p. _c24 cm |
||
| 490 | 1 |
_aMonografías Aranzadi _v944. Aranzadi Derecho laboral |
|
| 500 | _aDisponible en formato electrónico mediante la aplicación PROVIEW | ||
| 500 | _aAnexo jurisprudencial y convenios bilaterales con la Seguridad Social: 179-518 | ||
| 504 | _aBibliografía: p.169-177 | ||
| 541 | _cCompra | ||
| 650 | 4 |
_amovilidad de la mano de obra _928354 |
|
| 650 | 4 |
_adesplazamiento _928358 |
|
| 650 | 4 |
_atraslado geográfico de un empleado _930655 |
|
| 650 | 4 |
_atrabajador expatriado _929201 |
|
| 650 | 4 |
_aasistencia por traslado geográfico _928383 |
|
| 650 | 4 |
_arepatriación _930187 |
|
| 650 | 4 |
_acondiciones de trabajo _928327 |
|
| 650 | 4 |
_alegislación del trabajo _927166 |
|
| 650 | 4 |
_alegislación de seguridad social _929855 |
|
| 650 | 4 |
_aderecho del trabajo _927165 |
|
| 650 | 4 |
_aderecho internacional _926684 |
|
| 650 | 4 |
_aderecho comunitario _929866 |
|
| 650 | 4 |
_aUE _926752 |
|
| 650 | 4 |
_aEspaña _926964 |
|
| 653 | 1 | 0 | _aDerecho del trabajo y Seguridad Social |
| 700 | 1 |
_913938 _aGoñi Sein, José Luis _epr. |
|
| 830 | 0 |
_aMonografías Aranzadi _v944 _932673 |
|
| 830 | 0 |
_aMonografías Aranzadi _pDerecho laboral _933164 |
|
| 856 | 4 |
_uhttps://legalteca.aranzadilaley.es/my-library?sponsor=82111144-IP _yLegalteca |
|
| 902 | _aLIB Libro | ||
| 942 |
_2CES _cBK _h6.0.1. |
||